L'outre-mer français : 7- Mayotte - Statistiques

Statistiques générales
  • Ce quiz a été pris 182 fois
  • Le résultat moyen est 8 sur 15
Statistiques - réponses
Indice Réponse % Correct
Dans quel océan se situe Mayotte ? Océan Indien
99%
Religion dominante à Mayotte Islam
93%
Dans quel archipel se situe cette île ? Comores
89%
Quelle est la plus grande ville ? Mamoudzou
84%
Comment sont appelés les habitants de Mayotte les Mahorais
80%
En 2009, un référendum a validé le nouveau statut de Mayotte : elle est devenue... un département d'outre-mer
62%
Plante cultivée à Mayotte pour son huile essentielle Ylang ylang
51%
Quel animal figure sur le drapeau et les armoiries de Mayotte ? Deux hippocampes
50%
Comment appelle-t-on les bateaux qui assurent la traversée (et l'immigration) clandestine entre Anjouan et Mayotte, et sont à l'origine de dizaines de milliers de morts par noyade ? Les kwassas-kwassas
48%
Quelle curiosité naturelle est l'un des principaux attraits touristiques de l'île ? Le lagon et son récif corallien
43%
Autre animal emblématique de Mayotte (bien que n'en étant pas originaire) Lémurien maki
43%
Qui était chef d'Etat en France au moment où l'île de Mayotte a été vendue à la France ? Louis-Philippe
17%
Surnom souvent donné à l'île de Mayotte L'île aux parfums
14%
Quel était le seul mammifère présent à Mayotte, avant l'arrivée de l'homme La roussette de Mayotte (chauve-souris)
11%
Peuple (et culture) d'origine des premiers habitants de Mayotte Swahili
11%
Aucun quiz correspondant
Distribution des résultats
% des personnes avec chaque résultat
Percentile par nombre de réponses
Votre historique - résultats
Vous n’avez pas pris ce quiz